[Event "Speed Chess (Women) Q2"]
[Site "Chess.com INT"]
[Date "2020.06.19"]
[Round "8"]
[White "Kaya, Emel"]
[Black "Efimenko, Maria"]
[Result "1/2-1/2"]
[WhiteElo "1912"]
[BlackElo "2245"]
[PlyCount "122"]
[EventDate "2020.06.19"]
[EventType "swiss (blitz)"]
[EventRounds "13"]
[EventCountry "USA"]
[SourceTitle "CBM 196 Extra"]
[Source "ChessBase"]
[SourceDate "2020.07.31"]
[SourceVersion "1"]
[SourceVersionDate "2020.07.31"]
[SourceQuality "1"]

1. e4 g6 2. Nf3 Bg7 3. d4 d6 4. Nc3 Nf6 5. Bg5 h6 6. Bh4 0-0 7. Bd3 c6 8. 0-0 Qc7 9. e5 Nh5 10. exd6 exd6 11. Re1 Be6 12. Bxg6 fxg6 13. Rxe6 Nf4 14. Re1 Nd7 15. Bg3 Qb6 16. Qd2 g5 17. Rab1 d5 18. b3 Rf7 19. h4 g4 20. Bxf4 gxf3 21. g3 Qxd4 22. Qxd4 Bxd4 23. Nd1 Kh7 24. Ne3 Rg8 25. Kh2 Nf6 26. Rbd1 Bc3 27. Rh1 Ne4 28. Rd3 d4 29. Nd1 c5 30. Rxf3 b5 31. Nxc3 Nxc3 32. Kg2 Nd5 33. Bc1 Rxf3 34. Kxf3 Rf8+ 35. Kg2 Nc3 36. a3 c4 37. bxc4 bxc4 38. Re1 d3 39. cxd3 cxd3 40. Re7+ Kg6 41. Rc7 Ne4 42. Rc6+ Kh7 43. Rxh6+ Kg7 44. Rc6 Rxf2+ 45. Kg1 d2 46. Bxd2 Rxd2 47. g4 Rd3 48. g5 Rxa3 49. Kg2 Rg3+ 50. Kf1 Rg4 51. Rc7+ Kg6 52. Rxa7 Rxh4 53. Kg2 Nxg5 54. Ra6+ Kh5 55. Ra5 Re4 56. Kf2 Kg4 57. Ra3 Nh3+ 58. Kf1 Nf4 59. Kf2 Nh3+ 60. Kf1 Ng5 61. Kf2 Nh3+ 1/2-1/2

[Event "Speed Chess (Women) Q2"]
[Site "Chess.com INT"]
[Date "2020.06.19"]
[Round "5"]
[White "Ni, Shiqun"]
[Black "Efimenko, Maria"]
[Result "1-0"]
[WhiteElo "2389"]
[BlackElo "2245"]
[PlyCount "135"]
[EventDate "2020.06.19"]
[EventType "swiss (blitz)"]
[EventRounds "13"]
[EventCountry "USA"]
[SourceTitle "CBM 196 Extra"]
[Source "ChessBase"]
[SourceDate "2020.07.31"]
[SourceVersion "1"]
[SourceVersionDate "2020.07.31"]
[SourceQuality "1"]

1. d4 d6 2. Nf3 Nf6 3. c4 g6 4. Nc3 Bf5 5. Nh4 Bg4 6. Qb3 Qc8 7. h3 Be6 8. e4 Bg7 9. Nf3 0-0 10. Be2 c5 11. d5 Bd7 12. 0-0 Na6 13. Bf4 Nc7 14. Rfe1 a6 15. a4 b5 16. axb5 axb5 17. cxb5 Qb7 18. Nd2 Rfb8 19. Rxa8 Qxa8 20. Bc4 Qa5 21. e5 Nh5 22. Bh2 dxe5 23. Bxe5 Bxe5 24. Rxe5 Kf8 25. Re1 Nxb5 26. Nde4 Qb6 27. Ra1 Nxc3 28. Qxc3 Ng7 29. b3 Bf5 30. Ra6 Qb4 31. Qxb4 cxb4 32. Nc5 Ne8 33. g4 Bc8 34. Ra7 Nd6 35. Bd3 Ke8 36. Kg2 Nb5 37. Ra5 Nd4 38. Bc4 Kd8 39. Kg3 Bb7 40. Ra7 Bc8 41. h4 Nb5 42. Ra5 Nd6 43. Be2 Bb7 44. Bf3 Bc8 45. h5 Rb5 46. Rxb5 Nxb5 47. Kf4 Nd4 48. Bd1 gxh5 49. gxh5 h6 50. Ke5 Nf5 51. Bc2 f6+ 52. Kf4 Nd4 53. Bd1 Kc7 54. Ke4 Nf5 55. Nd3 Nd6+ 56. Kd4 Nf5+ 57. Kc5 Nd6 58. Nxb4 Ne4+ 59. Kd4 Nxf2 60. Be2 Kd6 61. Nc2 Nh3 62. Ne3 Nf4 63. Nc4+ Kc7 64. Bf3 Bf5 65. b4 e5+ 66. dxe6 Nxe6+ 67. Kc3 Kb8 68. b5 1-0

[Event "Speed Chess (Women) Q1"]
[Site "Chess.com INT"]
[Date "2020.06.18"]
[Round "3"]
[White "Bogumil, Tatiana"]
[Black "Efimenko, Maria"]
[Result "0-1"]
[WhiteElo "2182"]
[BlackElo "2245"]
[PlyCount "118"]
[EventDate "2020.06.18"]
[EventType "swiss (blitz)"]
[EventRounds "9"]
[EventCountry "USA"]
[SourceTitle "CBM 196 Extra"]
[Source "ChessBase"]
[SourceDate "2020.07.31"]
[SourceVersion "1"]
[SourceVersionDate "2020.07.31"]
[SourceQuality "1"]

1. Nf3 g6 2. c4 Bg7 3. Nc3 d6 4. d4 Nd7 5. d5 Ngf6 6. e4 0-0 7. Be2 c6 8. 0-0 a5 9. Re1 Nc5 10. Bf1 Qb6 11. h3 a4 12. Rb1 Qc7 13. Qc2 e5 14. dxe6 Bxe6 15. b3 axb3 16. axb3 h6 17. Nd4 Rfe8 18. Nxe6 Nxe6 19. Be3 Kh7 20. g3 Qa5 21. Bg2 Ng4 22. hxg4 Qxc3 23. Qxc3 Bxc3 24. Red1 Bb4 25. Ra1 Bc5 26. Bxc5 Rxa1 27. Rxa1 Nxc5 28. Rd1 Nxb3 29. Rxd6 Nc5 30. Rd4 Kg7 31. f3 Ra8 32. e5 Ra3 33. Kf2 Ra2+ 34. Kg1 Rc2 35. Bf1 Kf8 36. f4 Ke7 37. f5 Nb3 38. Rd3 Nd2 39. Be2 Ne4 40. Bf3 Nxg3 41. Bxc6 Ne2+ 42. Kf1 bxc6 43. e6 gxf5 44. gxf5 fxe6 45. fxe6 Nf4 46. Rf3 Rxc4 47. Kf2 Nxe6 48. Rh3 Rf4+ 49. Ke3 Rf6 50. Rh5 c5 51. Kd3 Kd6 52. Kc4 Rf4+ 53. Kc3 Rf3+ 54. Kc4 Rf6 55. Rd5+ Kc6 56. Rh5 Rf4+ 57. Kc3 Rf3+ 58. Kc4 Rf6 59. Rh4 Rf4+ 0-1

[Event "Speed Chess (Women) Q1"]
[Site "Chess.com INT"]
[Date "2020.06.18"]
[Round "8"]
[White "Efimenko, Maria"]
[Black "Shukhman, Anna"]
[Result "1-0"]
[WhiteElo "2245"]
[BlackElo "1866"]
[PlyCount "73"]
[EventDate "2020.06.18"]
[EventType "swiss (blitz)"]
[EventRounds "9"]
[EventCountry "USA"]
[SourceTitle "CBM 196 Extra"]
[Source "ChessBase"]
[SourceDate "2020.07.31"]
[SourceVersion "1"]
[SourceVersionDate "2020.07.31"]
[SourceQuality "1"]

1. e4 c5 2. c3 Nf6 3. e5 Nd5 4. d4 cxd4 5. cxd4 d6 6. Nf3 Nc6 7. Bc4 Nb6 8. Bb5 Bd7 9. 0-0 Nxe5 10. Bxd7+ Nexd7 11. Nc3 e6 12. d5 e5 13. Bg5 Be7 14. h4 h6 15. Bxe7 Qxe7 16. a4 0-0 17. a5 Nc8 18. a6 Nc5 19. axb7 Qxb7 20. Qe2 Ne7 21. Rfd1 Rab8 22. Ra2 Rfc8 23. h5 Nb3 24. Qa6 Nf5 25. Qxa7 Nfd4 26. Nd2 Nxd2 27. Rxd2 Qb3 28. Qe7 Nb5 29. Nxb5 Qxa2 30. Nxd6 Rf8 31. Qxe5 Qa5 32. Rc2 Qa1+ 33. Kh2 Qd1 34. Rc7 Qb3 35. Nf5 f6 36. Qe7 Qg3+ 37. fxg3 1-0

[Event "Speed Chess (Women) Q1"]
[Site "Chess.com INT"]
[Date "2020.06.18"]
[Round "2"]
[White "Efimenko, Maria"]
[Black "Zakirova, Aisha"]
[Result "0-1"]
[WhiteElo "2245"]
[BlackElo "1585"]
[PlyCount "92"]
[EventDate "2020.06.18"]
[EventType "swiss (blitz)"]
[EventRounds "9"]
[EventCountry "USA"]
[SourceTitle "CBM 196 Extra"]
[Source "ChessBase"]
[SourceDate "2020.07.31"]
[SourceVersion "1"]
[SourceVersionDate "2020.07.31"]
[SourceQuality "1"]

1. e4 c5 2. c3 Nf6 3. e5 Nd5 4. d4 cxd4 5. cxd4 d6 6. Nf3 Nc6 7. Bc4 Nb6 8. Bd3 g6 9. 0-0 Bg7 10. Qe2 0-0 11. Nc3 Bg4 12. exd6 Qxd6 13. Nb5 Qd8 14. h3 Bxf3 15. Qxf3 a6 16. Nc3 Nxd4 17. Qxb7 Ne6 18. Qf3 Nd4 19. Qg3 Nd7 20. Re1 Nc5 21. Bb1 Rc8 22. Kh1 Re8 23. Bf4 Qb6 24. b3 a5 25. Nd5 Qb7 26. Ne3 Nb5 27. Bc2 Nd4 28. Bd1 Nde6 29. Bf3 Qa7 30. Be5 Bxe5 31. Qxe5 Nd3 32. Qg3 Nxe1 33. Rxe1 Qb8 34. Qg4 Qf4 35. Nd5 Qxg4 36. Bxg4 Kg7 37. Bxe6 fxe6 38. Rxe6 Kf7 39. Ra6 Rc1+ 40. Kh2 Rc5 41. Ne3 Rd8 42. Kg3 Rd1 43. Nc4 Ra1 44. Nxa5 Rxa2 45. b4 Rb5 46. Ra7 Rxb4 0-1